|
|
|
|
| LEADER |
00733nab a2200181 i 4500 |
| 001 |
acta40310 |
| 005 |
20260224081030.0 |
| 008 |
170629s1986 hu o 000 hun d |
| 022 |
|
|
|a 0237-7934
|
| 040 |
|
|
|a SZTE Egyetemi Kiadványok Repozitórium
|b hun
|
| 041 |
|
|
|a hun
|
| 100 |
1 |
|
|a Szabó Pál Csaba
|
| 245 |
1 |
0 |
|a Ifj. Andrássy Gyula feljegyzése az 1918-19. évi balratolódás okairól Magyarországon
|h [elektronikus dokumentum] /
|c Szabó Pál Csaba
|
| 260 |
|
|
|c 1986
|
| 300 |
|
|
|a 91-94
|
| 490 |
0 |
|
|a Aetas
|v 2 No. 1
|
| 695 |
|
|
|a Magyarország története - 1918-1919 - forrás, Magyar Tanácsköztársaság - forrás, Ifj. Andrássy Gyula
|
| 856 |
4 |
0 |
|u http://acta.bibl.u-szeged.hu/40310/1/aetas_1986_001_002_091-094.pdf
|z Dokumentum-elérés
|